Normal view
MARC view
- Efficient market theory
Entry Topical Term
001 - CONTROL NUMBER
- control field: 36518
003 - CONTROL NUMBER IDENTIFIER
- control field: OSt
005 - DATE AND TIME OF LATEST TRANSACTION
- control field: 20141113104719.0
008 - FIXED-LENGTH DATA ELEMENTS
- fixed length control field: 141113|| aca||babn | a|a d
040 ## - CATALOGING SOURCE
- Original cataloging agency: OSt
150 ## - HEADING--TOPICAL TERM
- Topical term or geographic name as entry element: Efficient market theory
450 ## - SEE FROM TRACING--TOPICAL TERM
- Topical term or geographic name entry element: Market theory, Efficient
550 ## - SEE ALSO FROM TRACING--TOPICAL TERM
- Topical term or geographic name entry element: Capital market
550 ## - SEE ALSO FROM TRACING--TOPICAL TERM
- Topical term or geographic name entry element: Stock exchanges